000 00326nam a22001337a 4500
008 170508b xxu||||| |||| 00| 0 eng d
020 _a90000
041 _aeng
080 _a342
100 _a15
101 _ashj
245 _aCOPYRIGHT PATENT TRADEMARK AND RELATED STATE DOCTRINES
_cGOLDSTEIN.P
942 _2udc
_cBK
999 _c13018
_d13018